|
|
|
|
| LEADER |
00000cam a2200000 7i4500 |
| 001 |
0000001329 |
| 005 |
20140419.0 |
| 090 |
0 |
0 |
|a R634.9209595114
|b HAR 1984
|
| 100 |
0 |
0 |
|a HARON Haji Abu Hassan
|
| 245 |
1 |
0 |
|a Hutan Simpan Paya Laut Matang, Perak :
|b Penggal 10 - tahun pertama, 1980-1989
|c Haron Haji Abu Hassan
|
| 260 |
0 |
0 |
|a Ipoh, Perak :
|b Jabatan Perhutanan Negeri Perak ,
|c 1984
|
| 300 |
|
|
|a xv, 130 p. :
|b col. ill. ;
|c 26 cm.
|
| 500 |
0 |
0 |
|a Bibliography : [p. 129]
|
| 650 |
0 |
0 |
|a Forest reserves
|z Perak
|
| 650 |
0 |
0 |
|a Hutan Simpan Paya Laut Matang, Perak
|
| 998 |
|
|
|a JPSM
|
| 999 |
|
|
|a 0000002196
|b Monograph
|c Reference
|e Default branch
|
| 999 |
|
|
|a 0000002396
|b Monograph
|c Open Shelf
|e Default branch
|
| 999 |
|
|
|a 0000003365
|b Monograph
|c Open Shelf
|e Default branch
|